Principles of power system (Record no. 30817)

000 -LEADER
fixed length control field 00525nam a22001817a 4500
001 - CONTROL NUMBER
control field 30817
003 - CONTROL NUMBER IDENTIFIER
control field BD-DhUET
008 - FIXED-LENGTH DATA ELEMENTS--GENERAL INFORMATION
fixed length control field 150625b xxu||||| |||| 00| 0 eng d
040 ## - CATALOGING SOURCE
Original cataloging agency DLC
Transcribing agency DLC
Modifying agency BD-DhUET
082 ## - DEWEY DECIMAL CLASSIFICATION NUMBER
Classification number 623.1
Item number MEH/1985
100 ## - MAIN ENTRY--PERSONAL NAME
Personal name Mehta, V. K.
245 ## - TITLE STATEMENT
Title Principles of power system
Remainder of title includeing generation, transmission, distribution, switchgear and protection
250 ## - EDITION STATEMENT
Edition statement 2nd ed.
260 ## - PUBLICATION, DISTRIBUTION, ETC. (IMPRINT)
Place of publication, distribution, etc. New Delhi
Name of publisher, distributor, etc. S. Chand
Date of publication, distribution, etc. 1985
300 ## - PHYSICAL DESCRIPTION
Extent viii,706p.
Other physical details ill
650 #0 - SUBJECT ADDED ENTRY--TOPICAL TERM
Topical term or geographic name as entry element Electric power systems
942 ## - ADDED ENTRY ELEMENTS (KOHA)
Koha item type Reading Item
Holdings
Price effective from Source of classification or shelving scheme Piece designation (barcode) Withdrawn status Copy number Shelving location Not for loan Koha item type Sublocation or collection (holding branch) Location (home branch) Damaged status Koha full call number Date acquired Koha normalized classification for sorting Lost status Koha date last seen
2015-06-25 64997 1Reading section Reading ItemCentral Library, BUETCentral Library, BUET 623.1/MEH/19852015-06-25623_100000000000000_MEH_1985 2015-06-25
2015-06-25 64996 2Reading section Reading ItemCentral Library, BUETCentral Library, BUET 623.1/MEH/19852015-06-25623_100000000000000_MEH_1985 2015-06-25
2015-06-25 64998 3Reading section Reading ItemCentral Library, BUETCentral Library, BUET 623.1/MEH/19852015-06-25623_100000000000000_MEH_1985 2015-06-25
2015-06-25 65000 4Reading section Reading ItemCentral Library, BUETCentral Library, BUET 623.1/MEH/19852015-06-25623_100000000000000_MEH_1985 2015-06-25
2015-06-25 64999 5Reading section Reading ItemCentral Library, BUETCentral Library, BUET 623.1/MEH/19852015-06-25623_100000000000000_MEH_1985 2015-06-25